In search of biohappiness : (Record no. 121913)

MARC details
000 -LEADER
fixed length control field 00872cam a2200253 a 4500
001 - CONTROL NUMBER
control field vtls003217462
003 - CONTROL NUMBER IDENTIFIER
control field MY-SjTCS
005 - DATE AND TIME OF LATEST TRANSACTION
control field 20200226113810.0
008 - FIXED-LENGTH DATA ELEMENTS--GENERAL INFORMATION
fixed length control field 110813s2011 si 001 0 eng d
020 ## - INTERNATIONAL STANDARD BOOK NUMBER
International Standard Book Number 9789814329323 (hbk.)
039 #9 - LEVEL OF BIBLIOGRAPHIC CONTROL AND CODING DETAIL [OBSOLETE]
Level of rules in bibliographic description 201108271517
Level of effort used to assign nonsubject heading access points susan
Level of effort used to assign subject headings 201108131037
Level of effort used to assign classification azizee
-- 201105271017
-- malathy
082 04 - DEWEY DECIMAL CLASSIFICATION NUMBER
Classification number 333.9516
Item number SWA 2011
100 1# - MAIN ENTRY--PERSONAL NAME
Personal name Swaminathan, Monkombu Sambasivan.
9 (RLIN) 55067
245 10 - TITLE STATEMENT
Title In search of biohappiness :
Remainder of title biodiversity and food, health and livelihood security /
Statement of responsibility, etc. M S Swaminathan.
260 ## - PUBLICATION, DISTRIBUTION, ETC.
Place of publication, distribution, etc. Singapore ;
-- Hackensack, N.J. :
Name of publisher, distributor, etc. World Scientific,
Date of publication, distribution, etc. c2011.
300 ## - PHYSICAL DESCRIPTION
Extent xiv, 170 p. ;
Dimensions 24 cm.
500 ## - GENERAL NOTE
General note Includes index.
650 #0 - SUBJECT ADDED ENTRY--TOPICAL TERM
Topical term or geographic name entry element Biodiversity conservation.
650 #0 - SUBJECT ADDED ENTRY--TOPICAL TERM
Topical term or geographic name entry element Biodiversity.
650 #0 - SUBJECT ADDED ENTRY--TOPICAL TERM
Topical term or geographic name entry element Food security.
9 (RLIN) 47021
650 #0 - SUBJECT ADDED ENTRY--TOPICAL TERM
Topical term or geographic name entry element Food supply.
650 #0 - SUBJECT ADDED ENTRY--TOPICAL TERM
Topical term or geographic name entry element Sustainable agriculture.
920 ## - Programme
Programme GENLS : 163619
Holdings
Withdrawn status Lost status Source of classification or shelving scheme Damaged status Not for loan Home library Current library Date acquired Total Checkouts Barcode Date last seen Copy number Uniform Resource Identifier Koha item type Public note
    Dewey Decimal Classification     Taylor's Library-TU Taylor's Library-TU 28/07/2011   5000118334 05/12/2019 1 Floor 3, Shelf 6 , Side 1, TierNo 1, BayNo 6 Main Collection GENLS,GENLS,03,GR